000 00307nam a22001337a 4500
008 181122b xxu||||| |||| 00| 0 eng d
020 _a0721611427
041 _aeng
080 _a610.73
100 _a2
101 _aINF
245 _aCore Review for Critical Care Nursing
_cWilliams,S
942 _2udc
_cBK
999 _c52372
_d52372